00382pab a2200145 454500008004000000100001800040245005900058260000900117300001300126362001100139650002200150650001400172700001600186773003400202180718b2009 xxu||||| |||| 00| 0 eng d aDeaton, Angus aFood and nutrition in India: facts and interpretations c2009 ap.42-65. a14 Feb aNutrition - India aNutrition aDreze, Jean aEconomic and Political Weekly